The threat : inside the Soviet military machine (Record no. 7291)

000 -LEADER
fixed length control field 00389 a2200145 4500
020 ## - INTERNATIONAL STANDARD BOOK NUMBER
International Standard Book Number 0-09-151290-5
040 ## - CATALOGING SOURCE
Original cataloging agency DLC
Language of cataloging DLC
082 ## - DEWEY DECIMAL CLASSIFICATION NUMBER
Classification number 353.00947
100 1# - MAIN ENTRY--PERSONAL NAME
Personal name Cockburn, Andrew
245 04 - TITLE STATEMENT
Title The threat : inside the Soviet military machine
Statement of responsibility, etc. Andrew Cockburn
260 ## - PUBLICATION, DISTRIBUTION, ETC.
Place of publication, distribution, etc. London :
Name of publisher, distributor, etc. Hutchinson,
Date of publication, distribution, etc. 1983
300 ## - PHYSICAL DESCRIPTION
Extent x, 338 p.
650 #7 - SUBJECT ADDED ENTRY--TOPICAL TERM
Topical term or geographic name entry element military forces
942 ## - ADDED ENTRY ELEMENTS (KOHA)
Koha item type Book
Call number prefix 353.00947 COC
Source of classification or shelving scheme
Holdings
Withdrawn status Lost status Damaged status Not for loan Collection code Permanent Location Current Location Shelving location Date acquired Source of acquisition Cost, normal purchase price Total Checkouts Full call number Barcode Date last seen Price effective from Koha item type
          Central Library (CL) Central Library (CL) General Stacks 04/22/2010 Donation 0.00   353.00947 COC SEECS010122 11/14/2012 01/05/2017 Book
© 2023 Central Library, National University of Sciences and Technology. All Rights Reserved.